| 000 | 00745nam a22001817a 4500 | ||
|---|---|---|---|
| 999 |
_c57029 _d57029 |
||
| 003 | Ge_BSU | ||
| 005 | 20191018162122.0 | ||
| 008 | 191018s2017 ||||| |||| 00| 0 geo d | ||
| 041 | _ageo | ||
| 080 | _a821.353.1 ს-90 | ||
| 100 |
_aსტურუა, რეზო. _970 |
||
| 245 |
_aმაინც ვრჩებით ბიჭებად : ლექსები / _cრეზო სტურუა ; რედ : თემურ ჯაგოდნიშვილი. |
||
| 264 |
_aთბილისი, _c2017. |
||
| 300 |
_a140 გვ .: _c15 სმ. |
||
| 653 | _aქართული პოეზია | ||
| 700 |
_aჯაგოდნიშვილი, თემურ _eრედაქტორი _971 |
||
| 942 |
_2udc _cBK |
||